Canberra Suburbs - Sudden Death #2 - Statistics

General Stats
  • This quiz has been taken 41 times
  • The average score is 12 of 28
Answers on the Grid
Answers color-coded by a green-red scale on the quiz's grid according to % correct below.
Latham
Bruce
Stromlo Ranges
Price
Oxley
Erindale
MacArthur
Fisher
Ashleigh
Capital Hill
Wright
Gowrie
Owens
Russell
Gurra
Weetangera
Fernsby
Belconnen
Curtin
MacNamara
Holder
Gordon
Edith's Settlement
Parkes
Steel
Kitchin
Dunn
Scullin
Mower
Gorton
Sulman
Hawker
Mugga
Chisholm
Stirling
Delaney
Shannon's Flat
Bakers
Bonython
Delta
Challis
Watson
Rivett
Fraser
Bennots
Strathnairn
Monash
Macquarie
Riverside
Nielson
 
Answer Stats
Answer % Correct
Bruce
100%
Latham
92%
Fisher
67%
Capital Hill
58%
Gowrie
50%
MacArthur
50%
Oxley
50%
Russell
50%
Wright
50%
Belconnen
42%
Curtin
42%
Gordon
42%
Holder
42%
Parkes
42%
Scullin
42%
Weetangera
42%
Bonython
33%
Chisholm
33%
Fraser
33%
Hawker
33%
MacNamara
33%
Macquarie
33%
Monash
33%
Rivett
33%
Strathnairn
33%
Watson
33%
Stirling
25%
Sulman
8%
No matching quizzes found
Score Distribution
Percent of People with Each Score
Percentile by Number Answered
Your Score History
You have not taken this quiz